LEADER 01178cam0-22003731i-450- 001 990003879190403321 005 20060316134447.0 010 $a0-333-49875-5 035 $a000387919 035 $aFED01000387919 035 $a(Aleph)000387919FED01 035 $a000387919 100 $a20030910d1991----km-y0itay50------ba 101 0 $aeng 102 $aGB 105 $ay-------001yy 200 1 $aValue and capital$efifty years later$eproceedings of a Conference held by the International Economic Association at Bologna, Italy$fedited by Lionel W. McKenzie and Stefano Zamagni 210 $aLondra$cMacmillan$d1991 215 $aXXIX, 490 p.$d21 cm 225 1 $aPublication$fInternational economic Association$v94 676 $aI/1.1 700 1$aMcKenzie,$bLionel Wilfred$f<1919- >$0129042 701 1$aZamagni,$bStefano$f<1943- >$047498 801 0$aIT$bUNINA$gRICA$2UNIMARC 901 $aBK 912 $a990003879190403321 952 $aA00.51$b4035$fDECTS 952 $aA/3 IEA/91$b9649$fSES 952 $aCOLLEZ. 1417 (94)$b12262$fFSPBC 959 $aDECTS 959 $aSES 959 $aFSPBC 996 $aValue and capital$9516497 997 $aUNINA LEADER 03198 am 2200829 n 450 001 9910495761503321 005 20200131 010 $a2-11-129464-0 024 7 $a10.4000/books.igpde.10628 035 $a(CKB)4100000011508942 035 $a(FrMaCLE)OB-igpde-10628 035 $a(oapen)https://directory.doabooks.org/handle/20.500.12854/85455 035 $a(PPN)267940289 035 $a(EXLCZ)994100000011508942 100 $a20201015j|||||||| ||| 0 101 0 $afre 135 $auu||||||m|||| 181 $ctxt$2rdacontent 182 $cc$2rdamedia 183 $acr$2rdacarrier 200 10$aPour une histoire de la bureaucratie en France $eTome II /$fGuy Thuillier 210 $aVincennes $cInstitut de la gestion publique et du développement économique$d2020 215 $a1 online resource (350 p.) 225 1 $aHistoire économique et financière - XIXe-XXe 311 $a2-11-092603-1 330 $aPour une histoire de la bureaucratie II permet d?aller plus loin dans l?exploration de cette histoire qui est encore toute neuve. Comment faire apparaître les histoires à naître ? Comment étudier l?avancement, la passion du pouvoir, les échecs, les conflits ? Comment faire l?histoire du vécu, du mouvant, de l?éphémère ? Que peut-on attendre de l?histoire des épouses de fonctionnaires ? Autant de questions auxquelles dans ces vingt-quatre leçons Guy Thuillier tente d?apporter des réponses, mais on est dans un domaine bien incertain. L?histoire de la bureaucratie est une histoire qu?il faut sans cesse compliquer, elle exige de la souplesse, une certaine expérience de l?administration, de l?esprit d?entreprise, du courage - mais l?historien y jouit d?une étonnante liberté de jeu. 606 $aBusiness, Finance 606 $aHistory 606 $ahistoire 606 $abureaucratie 606 $aadministration 606 $afonction publique 606 $ahistorien 606 $adifficulté doctrinale 606 $aingénierie historique 606 $aprobabilisme 606 $afemme fonctionnaire 606 $aarchive 606 $acorps préfectoral 606 $afinance 610 $ahistoire 610 $abureaucratie 610 $aadministration 610 $afonction publique 610 $ahistorien 610 $adifficulté doctrinale 610 $aingénierie historique 610 $aprobabilisme 610 $afemme fonctionnaire 610 $aarchive 610 $acorps préfectoral 610 $afinance 615 4$aBusiness, Finance 615 4$aHistory 615 4$ahistoire 615 4$abureaucratie 615 4$aadministration 615 4$afonction publique 615 4$ahistorien 615 4$adifficulté doctrinale 615 4$aingénierie historique 615 4$aprobabilisme 615 4$afemme fonctionnaire 615 4$aarchive 615 4$acorps préfectoral 615 4$afinance 700 $aThuillier$b Guy$0152835 801 0$bFR-FrMaCLE 906 $aBOOK 912 $a9910495761503321 996 $aPour une histoire de la bureaucratie en France$92847494 997 $aUNINA LEADER 04931nam 2200733Ia 450 001 9910785187303321 005 20200520144314.0 010 $a1-282-72323-5 010 $a9786612723230 010 $a3-11-024721-6 024 7 $a10.1515/9783110247213 035 $a(CKB)2670000000036216 035 $a(EBL)570574 035 $a(OCoLC)659500619 035 $a(SSID)ssj0000443946 035 $a(PQKBManifestationID)11302688 035 $a(PQKBTitleCode)TC0000443946 035 $a(PQKBWorkID)10468087 035 $a(PQKB)10797434 035 $a(MiAaPQ)EBC570574 035 $a(DE-B1597)113991 035 $a(OCoLC)706866565 035 $a(OCoLC)773259936 035 $a(DE-B1597)9783110247213 035 $a(Au-PeEL)EBL570574 035 $a(CaPaEBR)ebr10408310 035 $a(CaONFJC)MIL272323 035 $a(PPN)175601275 035 $a(EXLCZ)992670000000036216 100 $a20101015d2010 uy 0 101 0 $aeng 135 $aur||||||||||| 181 $ctxt 182 $cc 183 $acr 200 00$aVestigia Vergiliana Vergil$b[electronic resource] $eRezeption in der Neuzeit /$fHerausgegeben von Thorsten Burkard, Markus Schauer, Claudia Wiener ; unter Mitarbeit von Eltje Bo?ttcher 210 $aGo?ttingen $cDuehrkohp & Radicke$d2010 215 $a1 online resource (483 p.) 225 1 $aGo?ttinger Forum fu?r Altertumswissenschaft. Beihefte. Neue Folge,$x1866-7651 ;$vBd. 3 300 $aDescription based upon print version of record. 311 $a3-11-024720-8 327 $t Frontmatter -- $tInhalt -- $tTiroler Wein an der Tafel von Vergil und Augustus -- $tHeros Aeneas und Iuno, die Hera. Der Wandel des Heldenbegriffes von der Antike zur Neuzeit -- $tKannte der Humanismus "den anderen Vergil"? -- $tGoldene Zeiten: Immer wieder wird ein Messias geboren... -- $tDie Aeneas-Rolle des elegischen Helden -- $tDas leere Grab und die Macht der Bilder -- $tDie Rezeption der vergilischen Seesturmschilderung (Aen. 1,34-156) in Camões' Epos Os Lusíadas (6,6-91) -- $tMelchior Barlaeus, 5. Ekloge Pharmaceutria -- $tHardys Didon se sacrifiant. Ein 'Kommentar' zum vierten Buch der Aeneis? -- $tJakob Balde und der Rex Poetarum Vergil - von der Pudicitia vindicata zur Expeditio Polemico-Poëtica. Ein Überblick -- $tSimon Dach als neulateinischer Bukoliker. Seine Eklogen zum Weihnachts- und Osterfest (1651/1652) -- $tVulcanus und Constantia als Waffenschmiede - die Schildbeschreibungen in Vergils Aeneis und Ubertino Carraras Columbus -- $tZu Voltaires Vergilrezeption in der Henriade -- $tDie Dido der Charlotte von Stein -- $tAh Virgil, Virgil! - der Speichellecker des julischen Hauses -- $tWo Britting irrte, oder: Wie die Presse Vergil am Verstummen hindert -- $tVon Troja nach Gondor. Tolkiens "The Lord of the Rings" als Epos in vergilischer Tradition -- $tTe, Palinure, petens -- $tAeneas ohne Sendung? Cormac McCarthys The Road -- $t Backmatter 330 $a19 Beiträger zeigen in diesem Sammelband anhand ausgewählter Beispiele, wie die Werke Vergils, vor allem die Aeneis, in der neuzeitlichen Literatur rezipiert werden. Die Beispiele reichen vom 15. bis zum 20. Jahrhundert und umfassen christliche und profane Texte aus verschiedenen Gattungen (Epos, Drama, Roman, Lyrik u.a.) und in mehreren Sprachen (Latein, Deutsch, Englisch, Französisch, Italienisch, Portugiesisch). Wie setzen neuzeitliche Autoren sich mit den Stoffen und Motiven, der Sprache und Metrik, wie mit Weltdeutung und Wertvorstellungen Vergils auseinander? Inwieweit können sie diese in ihren eigenen Diskurs integrieren, wo suchen sie sie zu überbieten, wo zu "korrigieren"? Die Antworten auf diese Fragen ermöglichen oft überraschende Einblicke in den Diskurs der Neuzeit und in die Vielfalt möglicher Zugänge zu Vergil. Folgende Autoren stehen im Zentrum eigener Aufsätze: Conrad Celtis, Francesco Filelfo, Pier Candido Decembrio, Marco Girolamo Vida, Luís Vaz de Camões, Melchior Barlaeus, Iacobo Sannazaro, Clément Marot, Ugolino Verino, Alexandre Hardy, Jakob Balde, Simon Dach, Ubertino Carrara, Voltaire, Charlotte von Stein, Thomas Mann, Georg Britting, J.R.R. Tolkien, Cyril Vernon Connolly, Cormac McCarthy, Waldtraut Lewin und Heiner Müller. 410 0$aGo?ttinger Forum fu?r Altertumswissenschaften.$pBeihefte.$pNeue Folge ;$vBd. 3. 606 $aClassical philology 610 $aEpic. 610 $aModern Age. 610 $aReception. 610 $aVirgil. 615 0$aClassical philology. 676 $a809 676 $a851/.1 686 $aFX 178405$2rvk 701 $aBurkard$b Thorsten$01478045 701 $aSchauer$b Markus$0738041 701 $aWiener$b Claudia$0610784 701 $aBo?ttcher$b Eltje$01478046 801 0$bMiAaPQ 801 1$bMiAaPQ 801 2$bMiAaPQ 906 $aBOOK 912 $a9910785187303321 996 $aVestigia Vergiliana Vergil$93693592 997 $aUNINA